[Event "XLIV Sevilla Open 2019"]
[Site "Sevilla"]
[Date "2019.01.19"]
[Round "9"]
[White "Laliena Solanes, Luis"]
[Black "Estremera Panos, Sergio"]
[Result "1-0"]
[WhiteElo "2177"]
[BlackElo "2310"]
[Annotator "TA"]
[PlyCount "59"]
[EventDate "2019.01.11"]
[EventType "swiss"]
[EventCountry "ESP"]
[SourceTitle "playchess.com"]
[Source "ChessBase"]
[SourceQuality "1"]

{[%evp 29,59,-37,-14,-33,-18,-22,7,-2,0,-5,13,-7,37,35,15,33,64,64,73,93,209,38,570,566,580,579,826,826,708,689,889,627]} 1. d4 d5 2. Nf3 Nf6 3. Bf4 c5 4. e3 Nc6 5. c3 e6 6. Nbd2 Bd6 7. Bg3 O-O 8. Bd3 b6 9. Ne5 Bb7 10. O-O Qc7 11. f4 Ne7 {[%cal Bc6e7,Be7f5,Bf5d6,Bd6e4][%mdl 32] D02: 1 d4 d5 2 Nf3 sidelines, including 2...Nf6 3 g3 and 2...Nf6 3 Bf4} 12. Qf3 (12. Qb1 Qc8 13. Bh4 Nf5 14. Bxf5 exf5 15. Bxf6 gxf6 16. Nef3 Qe6 17. Re1 Ba6 18. Nh4 cxd4 19. exd4 {1-0 (28) Korobov,A (2692)-Dominguez Perez,L (2739) Doha 2016}) 12... Nf5 13. Bf2 Be7 14. Ng4 Nxg4 15. Qxg4 Nd6 {LiveBook: 6 Games} 16. Nf3 $146 ({Predecessor:} 16. Bh4 f5 17. Qh3 a5 18. Bxe7 Qxe7 19. Qf3 {0-1 (41) Boric,M (2368)-Drasko,M (2434) Jahorina 2018}) 16... Ne4 17. Bh4 Bxh4 18. Qxh4 f6 19. g4 Qe7 20. Rae1 c4 21. Bb1 b5 22. g5 $40 {[%mdl 128] White is up to no good.} a5 23. gxf6 gxf6 24. Kh1 Kh8 {[#]} (24... Qf7 $16) 25. Rg1 $2 (25. Ne5 $1 $18 {[%mdl 512]} Qe8 (25... fxe5 26. Qxe7) 26. Bxe4 dxe4 27. Ng4) 25... Rg8 $2 {[%mdl 8192]} (25... Rae8 $14) 26. Bxe4 $1 $18 {White is clearly winning.} dxe4 {[#]} 27. Ne5 $1 {[%mdl 512]} Rae8 (27... fxe5 28. Qxe7) 28. Ng6+ Rxg6 29. Rxg6 {Threatening mate with Reg1.} f5 30. Qh6 {Precision: White = 54%, Black =  9%.} 1-0